Szczegóły MARC21

Smart Hand Model : diagnoza i terapia ręki u dzieci /

003 -Nazwa inst., której nr kontr. jest w polu 001 [,]
    • @
    • Nazwa instytucji, której n kontrolny jest w polu 001
    • NUKAT
005 -DATA I CZAS OSTATNIEJ MODYFIKACJI [,]
    • @
    • pole kontrolne
    • 20241231085322.0
020 -Międzynarod. znormalizowany nr książki - ISBN [ , ]
    • a
    • Numer ISBN
    • 9788371349942 Find
040 -Instytucja sporządzająca opis [ , ]
    • a
    • Instytucja, która sporządziła opis (NP)
    • WR U/hb
    • c
    • Instytucja, która sporządziła rekord (NP)
    • WR U/hb
    • d
    • Instytucja, która zmodyfikowała rekord (P)
    • WR U/hbs
    • d
    • Instytucja, która zmodyfikowała rekord (P)
    • KR U/JAKs
    • d
    • Instytucja, która zmodyfikowała rekord (P)
    • BYDG 020/AMs
942 -Rodzaj dokumentu [ , ]
    • c
    • Rodzaj dokumentu
    • Książka
100 -Hasło główne - nazwa osobowa [1, ]
    • a
    • Nazwa osobowa (NP)
    • Piotrowska-Madej, Klaudia
    • d
    • Daty biograficzne (NP)
    • (1979- ).
    • 9
    • KHW
    • 439229
245 -Strefa tytułu i oznaczenia odpowiedzialności [1,0]
    • a
    • Tytuł
    • Smart Hand Model : Find
    • b
    • Ciąg dalszy tytułu (NP)
    • diagnoza i terapia ręki u dzieci / Find
    • c
    • Pozostałe elementy strefy tytułu i oznaczenia odpowiedzialności (NP)
    • Klaudia Piotrowska-Madej, Agnieszka Żychowicz.
246 -Wariant tytułu [3,0]
    • a
    • Tytuł (NP)
    • Diagnoza i terapia ręki u dzieci
260 -Strefa adresu wydawniczego [ , ]
    • a
    • Miejsce wydania (P)
    • Gdańsk :
    • b
    • Nazwa wydawcy (P)
    • Grupa Wydawnicza Harmonia. Wydawnictwo Harmonia,
    • c
    • Data wydania (P)
    • 2017.
300 -Strefa opisu fizycznego [ , ]
    • a
    • Określenie formy książki i/lub objętość (NP)
    • 299, [1] s. :
    • b
    • Oznaczenie ilustracji (NP)
    • il. kolor. ;
    • c
    • Format (NP)
    • 24 cm.
336 -Typ zawartości [ , ]
    • a
    • Termin opisujący typ zawartości
    • Tekst
    • b
    • Kod określający zawartość
    • txt
    • 2
    • Źródło (terminu i kodu)
    • rdacontent
337 -Typ mediów [ , ]
    • a
    • Tryb odtwarzania
    • Bez urządzenia pośredniczącego
    • b
    • Kod typu mediów
    • n
    • 2
    • Źródło (terminu i kodu)
    • rdamedia
338 -Typ/rodzaj nośnika [ , ]
    • a
    • Hasło opisujące typ nośnika
    • Wolumin
    • b
    • Kod typu nośnika
    • nc
    • 2
    • Źródło (terminu i kodu)
    • rdacarrier
504 -Uwaga dot. bibliogr. załącznikowej [ , ]
    • a
    • Uwaga dot. bibliografii załącznikowej
    • Bibliogr., netogr. s. 290-296.
521 -Uwaga dot. przeznaczenia czytelniczego [8, ]
    • a
    • Uwaga dot. przeznaczenia czytelniczego
    • Dla terapeutów zajęciowych, nauczycieli edukacji przedszkolnej i wczesnoszkolnej, pedagogów specjalnych, fizjoterapeutów, terapeutów SI oraz studentów i rodziców dzieci z trudnościami w zakresie małej motoryki.
650 -Hasło przedmiotowe [ ,7]
    • a
    • Hasło przedmiotowe
    • Motoryka u dzieci.
    • 2
    • Źródło terminu
    • kaba
    • 9
    • KHW
    • 119981
650 -Hasło przedmiotowe [ ,7]
    • a
    • Hasło przedmiotowe
    • Ręka
    • x
    • Określnik rzeczowy
    • ruchy.
    • 2
    • Źródło terminu
    • kaba
    • 9
    • KHW
    • 439445
650 -Hasło przedmiotowe [ ,7]
    • a
    • Hasło przedmiotowe
    • Ręka
    • x
    • Określnik rzeczowy
    • wady rozwojowe
    • x
    • Określnik rzeczowy
    • gimnastyka lecznicza.
    • 2
    • Źródło terminu
    • kaba
    • 9
    • KHW
    • 439446
650 -Hasło przedmiotowe [ ,7]
    • a
    • Hasło przedmiotowe
    • Ręka
    • x
    • Określnik rzeczowy
    • fizjologia.
    • 2
    • Źródło terminu
    • kaba
    • 9
    • KHW
    • 439444
650 -Hasło przedmiotowe [ ,7]
    • a
    • Hasło przedmiotowe
    • Smart Hand Model.
    • 2
    • Źródło terminu
    • kaba
    • 9
    • KHW
    • 439447
650 -Hasło przedmiotowe [ ,7]
    • a
    • Hasło przedmiotowe
    • Ręka
    • x
    • Określnik rzeczowy
    • urazy i rany.
    • 2
    • Źródło terminu
    • kaba
    • 9
    • KHW
    • 144470
650 -Hasło przedmiotowe [ ,7]
    • a
    • Hasło przedmiotowe
    • Ręka
    • x
    • Określnik rzeczowy
    • choroby
    • x
    • Określnik rzeczowy
    • leczenie.
    • 2
    • Źródło terminu
    • kaba
    • 9
    • KHW
    • 441959
700 -Hasło dodatkowe - nazwa osobowa [1, ]
    • a
    • Nazwa osobowa (NP)
    • Żychowicz, Agnieszka. Find
    • 9
    • KHW
    • 439230
710 -Hasło dodatkowe - nazwa ciała zbiorowego [2, ]
    • a
    • Nazwa ciała zbiorowego lub nazwa geograficzna jako pierwszy element (NP)
    • Wydawnictwo Harmonia.
    • 4
    • Kod relacji
    • pbl
    • 9
    • KHW
    • 54618
920 -ISBN [ , ]
    • a
    • ISBN
    • 978-83-7134-994-2 Find
Data inwentaryzacji Sygnatura Lokalizacja Status udost. Numer inwentarzowy
2018-01-26 BG1Z.122689
2018-01-26 BG-3WM.20672
2018-01-26 BG-3WM.20673
2018-06-08Fizjoterapia 26BM1WF.10192